Statistics for Russia A-Z

Click here to take the quiz!

General Stats

  • This quiz has been taken 16,390 times
  • The average score is 19 of 24

Answer Stats

ClueAnswer% Correct
MCapital cityMoscow
98%
FFull name of the country:
Russian __________
Federation
94%
TOld title for the Russian rulerTsar
94%
LSt. Petersburg, formerlyLeningrad
94%
IStereotypical first name for
a Russian man
Ivan
93%
OMain Christian denomination:
Russian ________
Orthodox
90%
CPeninsula taken from Ukraine in 2014Crimea
90%
RCurrency of RussiaRuble
90%
KOfficial residence of the PresidentKremlin
90%
UMountain range between
Europe and Asia
Urals
90%
HSickle's counterpart on the Soviet flagHammer
89%
WPact between the Soviet Union
and its allies
Warsaw
88%
GLast leader of the Soviet UnionGorbachev
88%
SFirst satellite to orbit the EarthSputnik
87%
BActivity to watch at the Bolshoi theatreBallet
87%
VEurope's longest riverVolga
86%
NKrushchev's first nameNikita
73%
YBlack Sea resort city and WWII
conference site
Yalta
67%
ZBoris Pasternak novel:
Doctor _______
Zhivago
67%
JVladimir Putin's favorite sportJudo
64%
ERussia is a riddle, wrapped in a
mystery, inside an ______
Enigma
63%
ANational airline of RussiaAeroflot
57%
POfficial Soviet newspaperPravda
49%
DTerm for a Russian summer homeDacha
42%

Score Distribution

Percentile by Number Answered

Percent of People with Each Score

Your Score History

You have not taken this quiz